| 000 | 01666nam a22003857a 4500 | ||
|---|---|---|---|
| 003 | CHAP | ||
| 005 | 20220329143754.0 | ||
| 008 | 110803s2011 mx r 00010 spa d | ||
| 010 | _a101697 | ||
| 011 | _a102669 | ||
| 035 | _a113358 | ||
| 040 | _cCHAP | ||
| 090 | _aTesis | ||
| 100 | 1 |
_aZambrano García, Raymundo. _9123486 |
|
| 245 | 1 | 0 |
_aImplementación de talleres para la conservación de frutas y hortalizas y seguimiento de proyectos productivos otorgados por la Agencia de Desarrollo Rural Mextlali S. C. en el municipio de Zoquitlan, Puebla _h[En línea] _c/por Raymundo Zambrano García |
| 260 |
_aChapingo, Méx. : _bEl autor, _c2011 |
||
| 500 | _aParaver el contenido del material haga clic en la liga | ||
| 502 | _aTesis (Ing. Agroindustrial) -- UACH. Departamento de Ingeniería Agroindustrial | ||
| 590 |
_aALEPH _b10 _c20130110 _lUCH01 _h1541 |
||
| 590 |
_aBATCH-UPD _b10 _c20130110 _lUCH01 _h1256 |
||
| 590 |
_aBATCH-UPD _b10 _c20130410 _lUCH01 _h0816 |
||
| 590 |
_aBATCH-UPD _b10 _c20130914 _lUCH01 _h1148 |
||
| 590 |
_aBATCH-UPD _b10 _c20140324 _lUCH01 _h1526 |
||
| 590 |
_aBATCH-UPD _b10 _c20141002 _lUCH01 _h0850 |
||
| 590 |
_aCONVERSION _b10 _c20130109 _lUCH01 _h1356 |
||
| 650 | 1 | 4 |
_aDesarrollo de la comunidad rural _zPuebla. _932044 |
| 650 | 1 | 4 |
_aFruta _xConservación. _943602 |
| 650 | 1 | 4 |
_aLegumbres _xConservación. _965696 |
| 650 | 1 | 4 |
_aProyectos de desarrollo. _992528 |
| 856 |
_3Finding aid _uhttp://10.13.5.2/tesis/113358.pdf _zTeclea aqui |
||
| 901 | _aBK | ||
| 942 | _cFOLL | ||
| 949 |
_aTesis _bBC _cTES _d33724002249272 _eTS1 _gDonaciØn _h52522 _i113358 _st |
||
| 949 |
_aTesis _bBC _cTES _d33724002249314 _eTS2 _fc.2 _gDonaciØn _h52523 _i113358 _st |
||
| 999 |
_c101697 _d101697 |
||